| 000 | 00813nam a2200253 i 4500 | ||
|---|---|---|---|
| 001 | bg | ||
| 100 | 1 | _aStedje, Astrid. | |
| 245 | 1 | 0 |
_aDeutsche Sprache gestern und heute : _bEinführung in Sprachgeschichte und Sprachkunde / _cAstrid Stedje. |
| 250 |
_a6. Aufl. neu bearb. / _bvon Astrid Stedje u. Heinz-Peter Prell. |
||
| 260 |
_aPaderborn : _bWilhelm Fink Verlag, _ccop. 2007. |
||
| 300 |
_a[11], 277 s. ; _brys. ; _c22 cm. |
||
| 490 | 1 |
_aUTB ; _v1499 |
|
| 504 | _aBibliogr. s. 264-266. Indeks. | ||
| 700 | 1 | _aPrell, Heinz-Peter. | |
| 830 | _aUTB ; | ||
| 020 | _a9783825214999 | ||
| 040 | _cBPK | ||
| 041 | 0 | _ager | |
| 044 | _aDEU | ||
| 080 | _a811.112.2(091) | ||
| 942 | _cKS | ||
| 008 | s pl f |000 0 pol | ||
| 999 |
_c54570 _d54570 |
||
| 856 |
_uhttp://koha.tu.koszalin.pl/cgi-bin/koha/opac-detail.pl?biblionumber=54570 _yKatalog online BPK |
||